000 01261nam a2200205 a 4500
001 000060178
003 AM-YEHGA
005 20250617121521.0
008 000227s1986 ru |||||||||||||||||rus d
040 _aAM-YeHGA
041 0 _arus
245 0 0 _aМикропроцессоры :
_bВ 3 кн. : Учебное пособие /
_cПод ред. Л.Н. Преснухина.
260 _aМосква :
_bВысш. шк.,
_c1986.
300 _aкнига
505 0 0 _gКн. 1 (1986, 495 с.) :
_tАрхитектура и пропроектирование микро-ЭВМ ; Организация вычислительных процессов /
_rП.В. Нестеров, В.Ф. Шаньгин и др.
_gКн. 2 (1986, 383 с.) :
_tСредства сопряжения ; Контролируюшие и информационно-управляющие системы /
_rВ.Д. Вернер, Н.В. Воробьев и др.
_gКн. 3 (1986, 352 с.) :
_tСредства отладки, лабораторный практикум и задачник /
_rН.В. Воробьев, В.Л. Горбунов и др.
650 1 4 _aМикропроцессоры
700 1 _aПреснухин, Л. Н.
_eред.
_4edt
942 _2udc
_cBK
090 _c17671
999 _c17531
_d17531